|
|
|
|
| LEADER |
00000naa2a2200000 4500 |
| 001 |
131758 |
| 005 |
20240213104051.0 |
| 035 |
|
|
|a (RuTPU)RU\TPU\book\142688
|
| 090 |
|
|
|a 131758
|
| 100 |
|
|
|a 20080221d2007 k y0rusy50 ca
|
| 101 |
0 |
|
|a rus
|
| 102 |
|
|
|a RU
|
| 200 |
1 |
|
|a Особенности многоэлементного анализа грудного молока при определении витаминно-минерального состава методом ИВ
|f Г. Б. Слепченко [и др.]
|
| 463 |
|
0 |
|0 (RuTPU)RU\TPU\book\136429
|t Электрохимические методы анализа в контроле и производстве
|o материалы региональной научно-практической конференции, 29-30 октября 2007 г., Томск
|f Томский политехнический университет (ТПУ); Академия стандартизации, метрологии и сертификации (учебная), Томский филиал; под ред. Н. П. Пикула
|v С. 55-56
|d 2007
|p 77 с.
|
| 610 |
1 |
|
|a многоэлементный анализ
|
| 610 |
1 |
|
|a грудное молоко
|
| 610 |
1 |
|
|a новорождённые
|
| 610 |
1 |
|
|a питание
|
| 610 |
1 |
|
|a вольтамперометрия
|
| 610 |
1 |
|
|a инверсионная вольтамперометрия
|
| 610 |
1 |
|
|a труды учёных ТПУ
|
| 701 |
|
1 |
|a Слепченко
|b Г. Б.
|c химик
|c профессор Томского политехнического университета, доктор химических наук
|f 1956-
|g Галина Борисовна
|3 (RuTPU)RU\TPU\pers\25643
|9 11554
|
| 701 |
|
1 |
|a Черемпей
|b Е. Г.
|c российский химик
|c научный сотрудник Томского политехнического университета
|f 1967-
|g Елена Геннадьевна
|3 (RuTPU)RU\TPU\pers\27251
|
| 701 |
|
1 |
|a Хлусов
|b И. А.
|c биофизик
|c профессор Томского политехнического университета, доктор медицинских наук
|f 1963-
|g Игорь Альбертович
|3 (RuTPU)RU\TPU\pers\27874
|9 12890
|
| 701 |
|
1 |
|a Пикула
|b Н. П.
|c химик
|c доцент Томского политехнического университета, кандидат химических наук
|f 1949-
|g Нина Павловна
|3 (RuTPU)RU\TPU\pers\25622
|9 11551
|
| 801 |
|
1 |
|a RU
|b 63413507
|c 20080221
|g PSBO
|
| 801 |
|
2 |
|a RU
|b 63413507
|c 20170522
|g PSBO
|
| 942 |
|
|
|c BK
|